000
00322nam a22001457a 4500
008
210531b ||||| |||| 00| 0 eng d
020
_a
9780130882639
041
_a
eng
080
_2
4th
_a
33
082
_a
33
100
_a
55
101
_a
BIZ
245
_a
Business Data Communcations
_c
Stallings,W
942
_2
udc
_c
BK
999
_c
57824
_d
57824